Nouvelles histoires extraordinaires / (Record no. 162340)

MARC details
000 -LEADER
campo de control de longitud fija 00779nam a22002175i 4500
001 - NÚMERO DE CONTROL
campo de control 162340
003 - IDENTIFICADOR DE NÚMERO DE CONTROL
campo de control ES-MaACL
005 - FECHA Y HORA DE LA ÚLTIMA TRANSACCIÓN
campo de control 20250714080905.0
008 - DATOS DE LONGITUD FIJA--INFORMACIÓN GENERAL
campo de control de longitud fija 041111s1862 fr |||| | fre d
040 ## - FUENTE DE CATALOGACIÓN
Centro catalogador/agencia de origen CAM
Lengua de catalogación spa
Centro/agencia transcriptor CAM
100 1# - ENTRADA PRINCIPAL--NOMBRE DE PERSONA
Nombre de persona Poe, Edgar Allan,
Fechas asociadas al nombre 1809-1849
9 (RLIN) 188384
245 10 - MENCIÓN DEL TÍTULO
Título Nouvelles histoires extraordinaires /
Mención de responsabilidad, etc. par Edgar Poe; traduction Charles Baudelaire.
250 ## - MENCION DE EDICION
Mención de edición 3e. ed.
260 ## - PUBLICACIÓN, DISTRIBUCIÓN, ETC.
Lugar de publicación, distribución, etc. Paris :
Nombre del editor, distribuidor, etc. Michel Lévy Frères, Libraires éditeurs,
Fecha de publicación, distribución, etc. 1862 (
Fabricante Imprimerie de L. Tinterlin)
300 ## - DESCRIPCIÓN FÍSICA
Extensión XXIV, 287 p. ;
Dimensiones 18 cm.
490 1# - MENCIÓN DE SERIE
Mención de serie Collection Michel Lévy
700 11 - ENTRADA AGREGADA--NOMBRE PERSONAL
Nombre de persona Baudelaire, Charles,
Término indicativo de función/relación
9 (RLIN) 26513
830 00 - PUNTO DE ACCESO ADICIONAL DE SERIE-TÍTULO UNIFORME
Título uniforme Collection Michel Lévy
9 (RLIN) 182425
852 ## - LOCALIZACIÓN
Ubicación ES-MaACL
Número de control de estantería F-13419
Nota libre -- Enc. hol. deteriorada
Holdings
Estatus retirado Estado de pérdida Estado de daño No para préstamo Colección Biblioteca de origen Biblioteca actual Ubicación en estantería Fecha de adquisición Fuente de adquisición Total de préstamos Signatura topográfica completa Código de barras Visto por última vez Precio de reemplazo Tipo de ítem Koha
        Libros del s. XIX Biblioteca del Ateneo de Madrid Biblioteca del Ateneo de Madrid Sala Pecera Planta 2 17/01/2008     F-13419 1170074 23/02/2023 23/02/2023 Libro impreso antiguo